Nursing Ethics (Record no. 15601)
[ view plain ]
| 000 -LEADER | |
|---|---|
| fixed length control field | 00487nam a22001577a 4500 |
| 008 - FIXED-LENGTH DATA ELEMENTS--GENERAL INFORMATION | |
| fixed length control field | 160208b xxu||||| |||| 00| 0 eng d |
| 020 ## - INTERNATIONAL STANDARD BOOK NUMBER | |
| International Standard Book Number | 0763748982 |
| 100 ## - MAIN ENTRY--PERSONAL NAME | |
| Personal name | Butts Janie B. |
| 245 ## - TITLE STATEMENT | |
| Title | Nursing Ethics |
| Remainder of title | Across the Co-Curriculum abd into Practice |
| Statement of responsibility, etc. | Janie B. Butts |
| 250 ## - EDITION STATEMENT | |
| Edition statement | 2nd ed |
| 260 ## - PUBLICATION, DISTRIBUTION, ETC. (IMPRINT) | |
| Place of publication, distribution, etc. | USA |
| Name of publisher, distributor, etc. | Jones and Bartlett |
| Date of publication, distribution, etc. | 2008 |
| 300 ## - PHYSICAL DESCRIPTION | |
| Extent | xviii, 562 p. |
| 650 ## - SUBJECT ADDED ENTRY--TOPICAL TERM | |
| Source of heading or term | Nursing Ethics |
| 700 ## - ADDED ENTRY--PERSONAL NAME | |
| Personal name | Karen L. Rich |
| 942 ## - ADDED ENTRY ELEMENTS (KOHA) | |
| Source of classification or shelving scheme | Library of Congress Classification |
| Koha item type | General Collection |
| Edition | 2nd ed |
| Classification part | RT 85 |
| Call number prefix | . B88 2008 c.1 |
| Withdrawn status | Lost status | Source of classification or shelving scheme | Not for loan | Home library | Current library | Shelving location | Date acquired | Cost, normal purchase price | Total Checkouts | Total Renewals | Full call number | Barcode | Date last seen | Date last checked out | Copy number | Price effective from | Koha item type |
|---|---|---|---|---|---|---|---|---|---|---|---|---|---|---|---|---|---|
| Library of Congress Classification | Kabarak, Main Campus | Kabarak, Main Campus | General Stacks | 08/02/2016 | 3915.00 | 7 | 2 | RT 85 .B88 2008 c.1 | 017314 | 19/05/2025 | 14/10/2024 | c.1 | 08/02/2016 | General Collection |